| 000 | 00740nam a22002177a 4500 | ||
|---|---|---|---|
| 999 |
_c1293 _d1293 |
||
| 003 | AR-CdUCM | ||
| 008 | 190226b ||||| |||| 00| 0 spa d | ||
| 020 | _a958041212x | ||
| 040 |
_aMUNICIPALIDAD PROVINCIAL DEL CUSCO _cBIBLIOTECA MUNICIPAL DEL CUSCO |
||
| 082 |
_a380.1 / _bH35 |
||
| 100 |
_aHehman, Raymond D. _94990 |
||
| 245 | _aDesarrollo y ejecución de estrategias de mercadeo / | ||
| 260 |
_aColombia : _bEdit.Norma SA, _c1991. |
||
| 300 |
_a235 paginas _c16 cm. |
||
| 505 | _aAdministración de mercadeo --Agencia de publicidad --Agua de colonia --American Management ... | ||
| 650 |
_aComercio _9322 |
||
| 650 |
_aMercado _942 |
||
| 650 |
_aEstrategias de mercadeo _94991 |
||
| 942 |
_2ddc _cLIBROS |
||
| 945 |
_arjall _d2019-02-26 |
||